|
|
|
|
| LEADER |
01596nam a2200313 a 4500 |
| 001 |
000669084 |
| 003 |
CZ BrMZK |
| 005 |
20170301124947.0 |
| 007 |
ta |
| 008 |
030506s1959 xr f cze d |
| 015 |
|
|
|a cnb000513915
|
| 035 |
|
|
|a (OCoLC)65716994
|
| 040 |
|
|
|a BOA001
|b cze
|c BOA001
|
| 100 |
1 |
|
|a Purkyně, Jan Evangelista,
|d 1787-1869
|7 jk01101764
|4 aut
|
| 245 |
1 |
0 |
|a Básnický glosář Jana Evangelisty Purkyně /
|c Jan Evangelista Purkyně ; výbor uspořádal, texty k vydání připravil, úvodem, poznámkami a doslovem opatřil Jan Thon
|
| 250 |
|
|
|a 1. vyd.
|
| 260 |
|
|
|a Praha :
|b Státní nakladatelství krásné literatury, hudby a umění,
|c 1959
|
| 300 |
|
|
|a 455 s., příl.
|
| 490 |
1 |
|
|a Živá díla minulosti ;
|v sv. 22.
|
| 500 |
|
|
|a Dostupné též v digitální podobě v aplikaci Kramerius
|
| 700 |
1 |
|
|a Thon, Jan,
|d 1886-1973
|7 jk01132354
|4 com
|4 wfw
|
| 830 |
|
0 |
|a Živá díla minulosti (Státní nakladatelství krásné literatury, hudby a umění)
|0 s
|
| 856 |
4 |
1 |
|u http://www.digitalniknihovna.cz/mzk/uuid/uuid:2c14bd80-e21a-11e2-9923-005056827e52
|y Digitalizovaný dokument
|x NDK
|
| 910 |
|
|
|a BOA001
|b 2-0413.390
|b PK-0020.929
|
| 990 |
|
|
|a BK
|
| 996 |
7 |
|
|b 2619122856
|c 2-0413.390
|l MZK
|r Sklad / do 24 hodin
|n 0
|w 000669084
|u 000040
|a 1
|e BOA001
|j MZK50
|s A
|
| 996 |
6 |
|
|b 2619122857
|c 2-0413.390
|l MZK
|r Sklad / do 24 hodin
|n 1
|w 000669084
|u 000030
|a 1
|e BOA001
|j MZK50
|s P
|
| 996 |
7 |
|
|b 2619122858
|c 2-0413.390
|l MZK
|r Sklad / do 24 hodin
|n 0
|w 000669084
|u 000020
|a 1
|e BOA001
|j MZK50
|s A
|
| 996 |
6 |
|
|b BC-1634350
|c PK-0020.929
|l MZK
|r Sklad / do 1 hodiny
|n 0
|w 000669084
|u 000010
|a 1
|e BOA001
|j MZK50
|s P
|